<?xml version="1.0" encoding="UTF-8"?>
<record
    xmlns:xsi="http://www.w3.org/2001/XMLSchema-instance"
    xsi:schemaLocation="http://www.loc.gov/MARC21/slim http://www.loc.gov/standards/marcxml/schema/MARC21slim.xsd"
    xmlns="http://www.loc.gov/MARC21/slim">

  <leader>01351nam a2200265 a 4500</leader>
  <controlfield tag="003">DO-SdBNP</controlfield>
  <controlfield tag="005">20211013141517.0</controlfield>
  <controlfield tag="007">ta</controlfield>
  <controlfield tag="008">211013e2008    dr ao||fr|||| 00| 0 spa d</controlfield>
  <datafield tag="040" ind1=" " ind2=" ">
    <subfield code="a">DO-SdBNP</subfield>
    <subfield code="b">spa</subfield>
    <subfield code="c">BNPHU</subfield>
  </datafield>
  <datafield tag="082" ind1=" " ind2="4">
    <subfield code="2">22</subfield>
    <subfield code="b">R426o</subfield>
  </datafield>
  <datafield tag="110" ind1="1" ind2=" ">
    <subfield code="a">Rep&#xFA;blica Dominicana</subfield>
    <subfield code="b">Oficina Nacional de la Propiedad Industrial</subfield>
    <subfield code="9">57555</subfield>
  </datafield>
  <datafield tag="245" ind1="1" ind2="0">
    <subfield code="a">Memoria 2004-  2008:</subfield>
    <subfield code="b">una gesti&#xF3;n innovadora, moderna y transparente /</subfield>
    <subfield code="c">ONAPI</subfield>
  </datafield>
  <datafield tag="260" ind1=" " ind2=" ">
    <subfield code="a">Santo Domingo :</subfield>
    <subfield code="b">Serigraf, </subfield>
    <subfield code="c">2008</subfield>
  </datafield>
  <datafield tag="300" ind1=" " ind2=" ">
    <subfield code="a">134 p. :</subfield>
    <subfield code="b">il., fot. ;</subfield>
    <subfield code="c">27 cm.</subfield>
  </datafield>
  <datafield tag="505" ind1="0" ind2=" ">
    <subfield code="t">Mensajes del director.-</subfield>
    <subfield code="t">La Oficina Nacional de la Propiedad Industrial.--</subfield>
    <subfield code="t">Una gesti&#xF3;n innovadora.--</subfield>
    <subfield code="t">Nuestro compromiso : objetivos estrat&#xE9;gicos 2004-2008.--</subfield>
    <subfield code="t">Responsabilidad social.--</subfield>
    <subfield code="t">Institucionalidad : objetivos estrat&#xE9;gicos al 2012.--</subfield>
    <subfield code="t">As&#xED; nos ven nuestros clientes y relacionados 123.--</subfield>
    <subfield code="t">ONAPI en cifras.</subfield>
  </datafield>
  <datafield tag="590" ind1=" " ind2=" ">
    <subfield code="a">Inventariado 2021 / MF</subfield>
  </datafield>
  <datafield tag="610" ind1=" " ind2="0">
    <subfield code="9">74057</subfield>
    <subfield code="a">Oficina Nacional de la Propiedad Industrial ONAPI, Rep&#xFA;blica Dominicana</subfield>
  </datafield>
  <datafield tag="650" ind1=" " ind2="4">
    <subfield code="a">Derechos de autor </subfield>
    <subfield code="z">Rep&#xFA;blica Dominicana</subfield>
    <subfield code="9">17211</subfield>
  </datafield>
  <datafield tag="650" ind1=" " ind2="4">
    <subfield code="a">Informaci&#xF3;n industrial </subfield>
    <subfield code="x">Rep&#xFA;blica Dominicana</subfield>
    <subfield code="9">80196</subfield>
  </datafield>
  <datafield tag="650" ind1=" " ind2="4">
    <subfield code="a">Marcas de f&#xE1;brica </subfield>
    <subfield code="x">Rep&#xFA;blica Dominicana</subfield>
    <subfield code="9">80197</subfield>
  </datafield>
  <datafield tag="650" ind1=" " ind2="4">
    <subfield code="a">Patentes de invenci&#xF3;n </subfield>
    <subfield code="x">Rep&#xFA;blica Dominicana</subfield>
    <subfield code="9">80198</subfield>
  </datafield>
  <datafield tag="650" ind1=" " ind2="4">
    <subfield code="a">Propiedad industrial </subfield>
    <subfield code="x">Rep&#xFA;blica Dominicana</subfield>
    <subfield code="9">80199</subfield>
  </datafield>
  <datafield tag="942" ind1=" " ind2=" ">
    <subfield code="2">ddc</subfield>
    <subfield code="c">LBS1</subfield>
  </datafield>
  <datafield tag="952" ind1=" " ind2=" ">
    <subfield code="0">0</subfield>
    <subfield code="1">0</subfield>
    <subfield code="2">ddc</subfield>
    <subfield code="5">1</subfield>
    <subfield code="7">0</subfield>
    <subfield code="8">PD</subfield>
    <subfield code="a">BNPHU</subfield>
    <subfield code="b">PD</subfield>
    <subfield code="c">HD</subfield>
    <subfield code="d">2018-07-13</subfield>
    <subfield code="e">Dep&#xF3;sito legal / CERTV</subfield>
    <subfield code="l">0</subfield>
    <subfield code="o">R426o</subfield>
    <subfield code="p">2021-27364</subfield>
    <subfield code="r">2021-10-13</subfield>
    <subfield code="w">2021-10-13</subfield>
    <subfield code="y">LFPD</subfield>
  </datafield>
  <datafield tag="999" ind1=" " ind2=" ">
    <subfield code="c">50743</subfield>
    <subfield code="d">50743</subfield>
  </datafield>
</record>
